[Event "Paris Blitz op"]
[Site "Paris"]
[Date "2023.03.05"]
[Round "11"]
[White "Bacrot, Alexandre"]
[Black "Sochacki, Christophe"]
[Result "1/2-1/2"]
[WhiteElo "2388"]
[BlackElo "2448"]
[PlyCount "62"]
[EventDate "2023.03.05"]
[EventType "swiss (blitz)"]
[EventRounds "11"]
[EventCountry "FRA"]
[SourceTitle "CBM 213 Extra"]
[Source "ChessBase"]
[SourceDate "2023.05.31"]
[SourceVersion "1"]
[SourceVersionDate "2023.05.31"]
[SourceQuality "1"]

1. b4 e5 2. Bb2 Bxb4 3. Bxe5 Nf6 4. Nf3 Nc6 5. Bb2 d5 6. a3 Bd6 7. e3 0-0 8. Be2 Bf5 9. 0-0 Re8 10. c4 Be6 11. cxd5 Nxd5 12. Nc3 Nb6 13. Nb5 Bf8 14. a4 Nc4 15. Bc3 a6 16. Nbd4 Nxd4 17. Nxd4 Nd6 18. Nxe6 Rxe6 19. d3 b5 20. Ba5 Rc8 21. d4 Rh6 22. g3 Qg5 23. axb5 axb5 24. Rc1 c5 25. dxc5 Rxc5 26. Bb4 Rxc1 27. Qxc1 Qf5 28. Bxd6 Qh3 29. Bh5 Qxh5 30. g4 Qxg4+ 31. Bg3 b4 1/2-1/2

[Event "Paris Blitz op"]
[Site "Paris"]
[Date "2023.03.05"]
[Round "7"]
[White "Sochacki, Christophe"]
[Black "Fedorchuk, Sergey A"]
[Result "1-0"]
[WhiteElo "2448"]
[BlackElo "2636"]
[PlyCount "77"]
[EventDate "2023.03.05"]
[EventType "swiss (blitz)"]
[EventRounds "11"]
[EventCountry "FRA"]
[SourceTitle "CBM 213 Extra"]
[Source "ChessBase"]
[SourceDate "2023.05.31"]
[SourceVersion "1"]
[SourceVersionDate "2023.05.31"]
[SourceQuality "1"]

1. e4 c5 2. Nf3 e6 3. c3 d5 4. exd5 Qxd5 5. d4 Nf6 6. Be2 Nc6 7. Be3 cxd4 8. cxd4 Bb4+ 9. Nc3 Ne4 10. Qc2 Qa5 11. 0-0 Nxc3 12. bxc3 Bxc3 13. Rac1 Bb4 14. Qe4 0-0 15. Qh4 Be7 16. Qg3 Bd7 17. Bh6 Bf6 18. Rc5 Qd8 19. Bd3 Kh8 20. Rh5 g6 21. Bxf8 Qxf8 22. Rb5 Nxd4 23. Nxd4 Bxd4 24. Rxb7 Bc6 25. Rc7 Bd5 26. Qh4 Be5 27. Rc2 Qd8 28. Qh3 Kg7 29. Rfc1 Qd6 30. Bc4 Bxc4 31. Rxc4 Rd8 32. g3 Qd2 33. R4c2 Qd5 34. Qg2 Qa5 35. Qe4 Rd4 36. Qe3 Rd5 37. Rc5 Bd4 38. Qxd4+ Rxd4 39. Rxa5 1-0

[Event "Paris Blitz op"]
[Site "Paris"]
[Date "2023.03.05"]
[Round "4"]
[White "Vlachos, Anatole"]
[Black "Sochacki, Christophe"]
[Result "1/2-1/2"]
[WhiteElo "2446"]
[BlackElo "2448"]
[PlyCount "84"]
[EventDate "2023.03.05"]
[EventType "swiss (blitz)"]
[EventRounds "11"]
[EventCountry "FRA"]
[SourceTitle "CBM 213 Extra"]
[Source "ChessBase"]
[SourceDate "2023.05.31"]
[SourceVersion "1"]
[SourceVersionDate "2023.05.31"]
[SourceQuality "1"]

1. e4 e5 2. Nf3 Nf6 3. Nxe5 d6 4. Nf3 Nxe4 5. Nc3 Nxc3 6. dxc3 Be7 7. Be3 Nc6 8. Qd2 Be6 9. 0-0-0 0-0 10. Kb1 a5 11. Nd4 Nxd4 12. cxd4 c6 13. Bd3 a4 14. h4 Bf6 15. f3 Qa5 16. g4 Rfe8 17. g5 Bd8 18. Bf4 Qxd2 19. Rxd2 Bd5 20. Rf2 Bb6 21. c3 Rad8 22. Rd1 Re7 23. c4 Bxd4 24. Bxh7+ Kxh7 25. Rxd4 Be6 26. Rxd6 Bf5+ 27. Kc1 Rxd6 28. Bxd6 Re1+ 29. Kd2 Rh1 30. Rh2 Rb1 31. Ke3 Be6 32. Rc2 Rh1 33. Bg3 Rg1 34. Kf4 Kg6 35. b3 axb3 36. axb3 Rb1 37. Rc3 b5 38. Ke5 Rg1 39. Bf2 Rf1 40. Bg3 Rg1 41. Bf2 Rf1 42. Bg3 Rg1 1/2-1/2

[Event "Paris Rapid op"]
[Site "Paris"]
[Date "2023.03.04"]
[Round "3"]
[White "Sochacki, Christophe"]
[Black "Bauer, Christian"]
[Result "1/2-1/2"]
[WhiteElo "2448"]
[BlackElo "2596"]
[PlyCount "130"]
[EventDate "2023.03.04"]
[EventType "swiss (rapid)"]
[EventRounds "9"]
[EventCountry "FRA"]
[SourceTitle "CBM 213 Extra"]
[Source "ChessBase"]
[SourceDate "2023.05.31"]
[SourceVersion "1"]
[SourceVersionDate "2023.05.31"]
[SourceQuality "1"]

1. d4 Nf6 2. Bg5 d5 3. e3 c5 4. Bxf6 gxf6 5. dxc5 Nc6 6. Bb5 e5 7. c4 Be6 8. cxd5 Bxd5 9. Nf3 Bxc5 10. Nc3 Bb4 11. Qa4 Bxc3+ 12. bxc3 a6 13. Be2 Qa5 14. Qc2 Rc8 15. 0-0 Ne7 16. c4 b5 17. c5 Qa3 18. Rfc1 0-0 19. Nh4 Be6 20. Bd3 h6 21. Nf5 Nxf5 22. Bxf5 Bxf5 23. Qxf5 Rxc5 24. Rxc5 Qxc5 25. Qxf6 Rc8 26. h3 Rc6 27. Qf5 Qd5 28. a3 Kg7 29. Rb1 Rf6 30. Qh5 Qa2 31. Rf1 Qxa3 32. Qxe5 Qd6 33. Qa1 Kh7 34. Rd1 Qe7 35. Rd5 Rg6 36. Qd4 Qf6 37. Qd2 Qf3 38. g3 b4 39. Rd8 a5 40. h4 Rf6 41. Qc2+ Kg7 42. Rb8 Rc6 43. Qb2+ Qf6 44. Qa2 Rc1+ 45. Kh2 Qc6 46. e4 Qxe4 47. Qb2+ Rc3 48. Rb5 Qc2 49. Qxc2 Rxc2 50. Rxa5 Rxf2+ 51. Kh3 Rf3 52. Rb5 b3 53. Kg4 Rc3 54. Rb6 h5+ 55. Kf4 f6 56. Rb8 Kg6 57. Rg8+ Kf7 58. Rb8 Ke6 59. Rb6+ Ke7 60. Rb7+ Kd6 61. g4 Kc6 62. Rb8 Rc4+ 63. Kf5 Rxg4 64. Rxb3 Rxh4 65. Kxf6 Rc4 1/2-1/2

[Event "Montendre Rapid op"]
[Site "Montendre"]
[Date "2023.02.19"]
[Round "3"]
[White "Lambert, Romain"]
[Black "Sochacki, Christophe"]
[Result "0-1"]
[WhiteElo "2209"]
[BlackElo "2444"]
[PlyCount "158"]
[EventDate "2023.02.19"]
[EventType "swiss (rapid)"]
[EventRounds "9"]
[EventCountry "FRA"]
[SourceTitle "CBM 212 Extra"]
[Source "ChessBase"]
[SourceDate "2023.03.31"]
[SourceVersion "1"]
[SourceVersionDate "2023.03.31"]
[SourceQuality "1"]

1. c4 g6 2. g3 Bg7 3. Bg2 c5 4. Nf3 Nc6 5. Nc3 b6 6. 0-0 Bb7 7. e3 Nf6 8. d4 0-0 9. b3 cxd4 10. Nxd4 Rb8 11. Bb2 Nxd4 12. Qxd4 Ne4 13. Qd3 Nxc3 14. Bxb7 Rxb7 15. Bxc3 Bxc3 16. Qxc3 d6 17. Rad1 Qc8 18. Rd4 h5 19. Rfd1 Qh3 20. Rh4 Qf5 21. Rf4 Qe6 22. Qd4 Rc8 23. Re4 Qd7 24. Rh4 Rc5 25. Qe4 Rbc7 26. a4 Kg7 27. Qd4+ f6 28. Qb2 a6 29. Rhd4 Qf5 30. Rf4 Qe5 31. Rfd4 b5 32. cxb5 axb5 33. a5 b4 34. Qd2 Rxa5 35. Qxb4 Ra2 36. R4d2 Ra5 37. Qb8 Raa7 38. Qe8 Rab7 39. Qa4 Rc3 40. Qd4 Qxd4 41. Rxd4 Rcxb3 42. h4 Rb2 43. R1d2 R2b5 44. Kg2 Kf7 45. Ra4 Rc5 46. Rda2 Rb1 47. Kf3 Rf5+ 48. Rf4 Rxf4+ 49. Kxf4 e5+ 50. Kf3 Ke6 51. Ra5 d5 52. Ra4 Rb2 53. Ra8 Kf5 54. Re8 Rb3 55. Kg2 Rb6 56. Rd8 Ke4 57. Rg8 d4 58. exd4 exd4 59. Rxg6 d3 60. Rg8 Rd6 61. Re8+ Kd4 62. Kf1 Kc3 63. Ke1 Ra6 64. Rc8+ Kd4 65. Rd8+ Ke4 66. Re8+ Kf3 67. Re3+ Kg2 68. Rxd3 Re6+ 69. Kd2 Kxf2 70. Rd5 Re5 71. Rd6 Rf5 72. Kd3 Kxg3 73. Ke4 Rf4+ 74. Ke3 f5 75. Rg6+ Rg4 76. Rg5 f4+ 77. Ke2 f3+ 78. Ke3 Rxg5 79. hxg5 f2 0-1

[Event "Montendre Rapid op"]
[Site "Montendre"]
[Date "2023.02.19"]
[Round "7"]
[White "Msellek, Ilyass"]
[Black "Sochacki, Christophe"]
[Result "1-0"]
[WhiteElo "2406"]
[BlackElo "2444"]
[PlyCount "129"]
[EventDate "2023.02.19"]
[EventType "swiss (rapid)"]
[EventRounds "9"]
[EventCountry "FRA"]
[SourceTitle "CBM 212 Extra"]
[Source "ChessBase"]
[SourceDate "2023.03.31"]
[SourceVersion "1"]
[SourceVersionDate "2023.03.31"]
[SourceQuality "1"]

1. d4 f5 2. Qd3 Nc6 3. c3 d6 4. d5 Ne5 5. Qd1 Nf6 6. Nf3 e6 7. dxe6 Nxf3+ 8. exf3 Bxe6 9. Bd3 g6 10. 0-0 Bg7 11. Re1 Kf7 12. c4 d5 13. cxd5 Nxd5 14. Bc4 c6 15. Nc3 Re8 16. Qb3 b5 17. Nxd5 Bxd5 18. Rxe8 Kxe8 19. Qe3+ Kf7 20. Bxd5+ Qxd5 21. Bd2 Rd8 22. Bb4 Bxb2 23. Re1 Bd4 24. Qh6 Kg8 25. Re7 c5 26. Qxh7+ Kf8 27. Bxc5 Bxf2+ 28. Bxf2 Qd1+ 29. Re1 Qd6 30. Qh8+ Kf7 31. Qh7+ Kf8 32. h4 Rd7 33. Qh8+ Kf7 34. Qe8+ Kg7 35. h5 gxh5 36. Qxh5 Qg6 37. Qxg6+ Kxg6 38. Re6+ Kg5 39. Ra6 f4 40. Rxa7 Rd1+ 41. Kh2 Rd2 42. Bc5 Rc2 43. Bb4 Rb2 44. a3 Re2 45. Ra5 Kh4 46. Bc3 Re3 47. Bf6+ Kh5 48. Rxb5+ Kg6 49. Be5 Rxa3 50. Bxf4 Ra4 51. Kg3 Ra8 52. Rb6+ Kf5 53. Rb5+ Kg6 54. Kg4 Kh7 55. g3 Rg8+ 56. Rg5 Rf8 57. Rh5+ Kg6 58. Rh6+ Kg7 59. Ra6 Re8 60. Kg5 Rg8 61. Ra7+ Kh8+ 62. Kf5 Rf8+ 63. Ke4 Re8+ 64. Be5+ Kg8 65. f4 1-0

[Event "Montendre Rapid op"]
[Site "Montendre"]
[Date "2023.02.19"]
[Round "8"]
[White "Sochacki, Christophe"]
[Black "Coles, Ruben"]
[Result "1-0"]
[WhiteElo "2444"]
[BlackElo "2129"]
[PlyCount "171"]
[EventDate "2023.02.19"]
[EventType "swiss (rapid)"]
[EventRounds "9"]
[EventCountry "FRA"]
[SourceTitle "CBM 212 Extra"]
[Source "ChessBase"]
[SourceDate "2023.03.31"]
[SourceVersion "1"]
[SourceVersionDate "2023.03.31"]
[SourceQuality "1"]

1. b3 e5 2. Bb2 Nc6 3. e3 Nf6 4. Bb5 Bd6 5. Na3 Na5 6. Be2 a6 7. c4 0-0 8. Nc2 Nc6 9. Nh3 Re8 10. f4 exf4 11. 0-0 Ne4 12. Nxf4 Ne5 13. d3 Nf6 14. e4 Ng6 15. Nxg6 hxg6 16. Qe1 c6 17. Qh4 Be5 18. d4 Bc7 19. Bd3 Nxe4 20. Qxd8 Bxd8 21. Ne3 d6 22. Rae1 Ba5 23. Re2 Nc3 24. Rc2 Rxe3 25. Bxc3 Bb6 26. Rf3 Rxf3 27. gxf3 d5 28. Re2 Be6 29. c5 Bc7 30. Bxg6 a5 31. Bc2 b5 32. Kg2 Bf4 33. Bd2 Bxd2 34. Rxd2 Re8 35. Bd3 Rb8 36. Kg3 g6 37. Kf4 Kf8 38. h4 Ke7 39. Kg3 Kf6 40. Re2 a4 41. b4 Rh8 42. Re5 Ra8 43. a3 Rg8 44. Bf1 g5 45. hxg5+ Rxg5+ 46. Rxg5 Kxg5 47. f4+ Kf6 48. Be2 Bf5 49. Bh5 Be6 50. Kf3 Bf5 51. Ke3 Be6 52. Be2 Kf5 53. Bd3+ Kg4 54. Bh7 Kg3 55. f5 Bd7 56. Bg8 Be8 57. Bh7 Kg4 58. f6 Kg5 59. Kf3 Kxf6 60. Kf4 Bd7 61. Bd3 Be6 62. Bf1 Kg6 63. Ke5 Kg5 64. Kd6 Kf4 65. Kxc6 Ke4 66. Kxb5 Kxd4 67. Kxa4 Kc3 68. Kb5 d4 69. a4 d3 70. Kb6 d2 71. Be2 f5 72. a5 f4 73. a6 Bc4 74. Bd1 Bb3 75. a7 Bxd1 76. a8Q Bb3 77. Qf3+ Kc2 78. Qe4+ Kc1 79. Qxf4 Kc2 80. Qe4+ Kb2 81. Qd4+ Kc2 82. c6 d1Q 83. Qxd1+ Kxd1 84. b5 Kd2 85. Kc7 Kc3 86. b6 1-0